| 000 | 00819nam a2200217 a 4500 | ||
|---|---|---|---|
| 001 | 000026313 | ||
| 003 | DO-SdBNP | ||
| 005 | 20250411111439.0 | ||
| 008 | 110312s1962 dr 001 0 spa d | ||
| 040 |
_aDO-SdBNP _bspa _cBNPHU |
||
| 049 | _aBNPD | ||
| 082 |
_a972.93053 _bE47c |
||
| 100 | 1 |
_aEllis-Cambiaso, Federico _953341 |
|
| 245 | 1 | 0 |
_aCartas al asesino del Caribe : _bRafael Leonidas Trujillo y Molina / _cFederico Ellis-Cambiaso. |
| 260 |
_aSanto Domingo : _bMontalvo, _c1962. |
||
| 300 |
_a190 p. ; _c22 cm. |
||
| 650 | 4 |
_aPersecuciones políticas _xRepública dominicana _xCorrespondencia, memorias, etc. _953342 |
|
| 651 | 4 |
_aRepública Dominicana _xPolítica Y Gobierno _yEra de Trujillo, 1930-1961 _xCorrespondencia, Memorias, Etc. _953343 |
|
| 910 | _aValidado. Control de calidad EMS. | ||
| 942 |
_2ddc _cLBS1 |
||
| 999 |
_c25805 _d25805 |
||